000
00276nam a2200109Ia 4500
008
220204s9999 xx 000 0 und d
082
_a
159.9
_b
FRE
100
_a
Freud, Sigmund
245
0
_a
Major works of Sigmund Freud
260
_a
Chicago
_b
William Benton
_c
1952
942
_c
BK
999
_c
36181
_d
36181